| 000 | 00475nam a22001457a 4500 | ||
|---|---|---|---|
| 005 | 20251008102927.0 | ||
| 008 | 251008b |||||||| |||| 00| 0 eng d | ||
| 040 | _cPK-LaUMT | ||
| 082 |
_a891.4393 _bTAR-T |
||
| 100 |
_aTariq Ismael Saghar = طارق اسمعیل ساگر _97529 |
||
| 245 |
_aThird agency = تھرڈ ایجنسی / _cby Tariq Ismael Saghar = طارق اسمعیل ساگر |
||
| 260 |
_aLahore : _bMaqbool Academy, _c2000 |
||
| 300 | _a224 p. | ||
| 942 | _cBK | ||
| 999 |
_c138821 _d138821 |
||